MARC details
| 000 -CABECERA |
| campo de control de longitud fija |
00940nam a2200229 a 4500 |
| 005 - FECHA Y HORA DE LA ÚLTIMA TRANSACCIÓN |
| campo de control |
20251206063920.0 |
| 008 - ELEMENTOS DE LONGITUD FIJA--INFORMACIÓN GENERAL |
| campo de control de longitud fija |
160427s2005 mx r 000 0 spa d |
| 020 ## - NÚMERO INTERNACIONAL NORMALIZADO PARA LIBROS |
| Número Internacional Estándar del Libro |
9702304725 |
| 035 ## - NÚMERO DE CONTROL DEL SISTEMA |
| Número de control de sistema |
UPN01000209870 |
| 049 ## - COLECCIÓN |
| Colección |
CG |
| 050 #4 - SIGNATURA TOPOGRÁFICA DE LA BIBLIOTECA DEL CONGRESO |
| Número de clasificación |
LC5255 M6 |
| Número de documento/Ítem |
C3.7 |
| 245 00 - MENCIÓN DE TÍTULO |
| Título |
Carpeta Básica Internacional : |
| Resto del título |
colaboración en el exterior, educación para jóvenes y adultos = Basic International File, education for youth and adults, collaboration abroad / |
| Mención de responsabilidad, etc. |
comp. Patricia Ramos Méndez. |
| 260 ## - PUBLICACIÓN, DISTRIBUCIÓN, ETC. |
| Lugar de publicación, distribución, etc. |
México : |
| Nombre del editor, distribuidor, etc. |
COVENYT, |
| -- |
INEA, |
| Fecha de publicación, distribución, etc. |
2005. |
| 300 ## - DESCRIPCIÓN FÍSICA |
| Extensión |
47, 44 p. : |
| Otras características físicas |
il. col. |
| 500 ## - NOTA GENERAL |
| Nota general |
Texto en español y en inglés |
| 610 24 - ASIENTO SECUNDARIO DE MATERIA - NOMBRE CORPORATIVO |
| Nombre de entidad corporativa o nombre de jurisdicción como elemento de entrada |
INSTITUTO NACIONAL PARA LA EDUCACION DE LOS ADULTOS (MEXICO) |
| 650 #4 - ASIENTO SECUNDARIO DE MATERIA - TERMINO TEMATICO |
| Término de materia o nombre geográfico como elemento de entrada |
Educación de adultos |
| 9 (RLIN) |
956 |
| 650 #4 - ASIENTO SECUNDARIO DE MATERIA - TERMINO TEMATICO |
| Término de materia o nombre geográfico como elemento de entrada |
Jóvenes |
| Subdivisión general |
Educación |
| 9 (RLIN) |
23818 |
| 700 1# - ASIENTO SECUNDARIO--NOMBRE DE PERSONAL |
| Nombre de persona |
Ramos Méndez, Patricia, |
| Término indicativo de función/relación |
comp. |
| 740 0# - ASIENTO SECUNDARIO - TÍTULOS RELACIONADOS /ANALITICOS NO CONTROLADOS |
| Título relacionado o analítico no controlado |
Basic International File, education for youth and adults, collaboration abroad |
| 905 ## - TIPO DE MATERIAL |
| Tipo de material |
Libro |